Makroökonomik <eine> Einführung
Guardado en:
| Autor principal: | |
|---|---|
| Otros Autores: | , |
| Formato: | Libro |
| Lenguaje: | alemán |
| Publicado: |
Berlin
Springer
1978
|
| Edición: | 3. neubearb. und erweit. Auflage |
| Etiquetas: |
Sin Etiquetas, Sea el primero en etiquetar este registro!
|
MARC
| LEADER | 00000nam a2200000 4500 | ||
|---|---|---|---|
| 001 | 0215333 | ||
| 005 | 20240109105223.6 | ||
| 041 | 0 | |a ger | |
| 044 | |a DE | ||
| 245 | 1 | 0 | |a Makroökonomik |b <eine> Einführung |c Rudolf Richter, Ulrich Schlieper, Willy Friedmann |
| 250 | |a 3. neubearb. und erweit. Auflage | ||
| 264 | 1 | |a Berlin |b Springer |c 1978 | |
| 300 | |a 717 s. | ||
| 100 | 1 | |a Richter, Rudolf | |
| 700 | 1 | |a Schlieper, Ulrich | |
| 700 | 1 | |a Friedmann, Willy | |